Статья А. Ф. Кони "Земноводный круг"

Доступно только в Электронных читальных залах Найти на картеНа карте
RUSMARC
00003612nac2a22002411x 450
001f31f8f54-58e1-47dc-a92f-3522fb7cf8e3
00520131008023147.0
100##$a20130529l1927 k y0rusy50 ca
1010#$arus
102##$aRU
105##$ay a |||||
2001#$aСтатья А. Ф. Кони "Земноводный круг"
$j[19--]
$eБиблиографическая справка
215##$a13 листов
251##$cДело
300##$aВырезка и черновые заметки к ней
300##$aЧасть текста рукописная, часть напечатана типографским способом
330##$aДокументальные материалы, отложившиеся в результате творческой деятельности А. Ф. Кони; Записи и заметки А. Ф. Кони по вопросам истории, философии, статистике, языку и др.
461#0$10013a54f2e3-e9cf-409b-80fa-f0a9bd3c40cb
$12001
$aКони Анатолий Федорович, юрист, литератор, член академии наук, председатель Санкт-Петербургского окружного суда, член государственного совета
$1251
$cФонд
$1852
$j564
462#0$100178a475cd-a47d-4377-bff3-cee4b81de655
$12001
$aОпись дел фонда А. Ф. Кони за 1880-1931 гг.
$1251
$cОпись
$1852
$j1
600#1$aКони
$bА. Ф.
$f1844-1927
$gАнатолий Федорович
801#0$aRU
$bGA_RF
801#1$aRU
$bНПО Опыт
$c20130529
$2rusmarc
801#2$aRU
$bПБ им. Б.Н. Ельцина
$c20131008
$gRCR
$2rusmarc
852##$aГА РФ
$j232
937##$d38141970
$hПБ
035##$aRuPRLIB51000679
Формат отображения